The age of AI (Record no. 11545)

MARC details
000 -LEADER
fixed length control field 00744nam a22001577a 4500
020 ## - INTERNATIONAL STANDARD BOOK NUMBER
ISBN 9781529375992
082 ## - DEWEY DECIMAL CLASSIFICATION NUMBER
Classification number 006.3KIS
245 ## - TITLE STATEMENT
Title The age of AI
Sub Title and our human future
260 ## - PUBLICATION, DISTRIBUTION, ETC. (IMPRINT)
Place of publication New York
Name of publisher Back Bay Books
Year of publication 2022
300 ## - PHYSICAL DESCRIPTION
Number of Pages 266p. ; 21 cm
504 ## - BIBLIOGRAPHY, ETC. NOTE
Bibliography, etc Includes bibliographical references (pages 241-251) and index
520 ## - SUMMARY, ETC.
Summary, etc Generative AI is filling the internet with false information. Artists, writers, and many other professionals are in fear of their jobs. AI is discovering new medicines, running military drones, and transforming the world around us—yet we do not understand the decisions it makes, and we don’t know how to control them.
650 ## - SUBJECT ADDED ENTRY--TOPICAL TERM
Topical Term Artificial intelligence
942 ## - ADDED ENTRY ELEMENTS (KOHA)
Koha item type Book
Holdings
Withdrawn status Lost status Damaged status Not for loan Permanent Location Current Location Shelving location Date acquired Cost, normal purchase price Full call number Accession Number Price effective from Koha item type
        UONGOZI Institute Resources Centre - Dar es Salaam UONGOZI Institute Resources Centre - Dar es Salaam Personal Development 06/19/2026 30724.00 006.3KIS UR010565 07/01/2026 Book
        UONGOZI Institute Resources Centre - Dar es Salaam UONGOZI Institute Resources Centre - Dar es Salaam Personal Development 06/19/2026 30724.00 006.3KIS UR010566 07/01/2026 Book